| 000 | 00730cam a22002413a 4500 | ||
|---|---|---|---|
| 001 | 3034 | ||
| 003 | PGUSA | ||
| 005 | 20140828083025.0 | ||
| 008 | 020101s2002||||xxu|||||s|||||000 | eng d | ||
| 040 |
_aPGUSA _beng |
||
| 042 | _adc | ||
| 050 | 4 | _aE300 | |
| 100 | 1 |
_aMacy, Jesse, _d1842-1919 |
|
| 245 | 1 | 3 |
_aAn Anti-Slavery Crusade : _bA Chronicle of the Gathering Storm _h[electronic resource] / _cJesse Macy |
| 260 |
_bProject Gutenberg, _c2002 |
||
| 500 | _aChronicles of America series; v. 28 | ||
| 506 | _aPublic domain in the USA. | ||
| 516 | _aElectronic text | ||
| 653 | _aAntislavery movements -- United States | ||
| 830 | 0 |
_aProject Gutenberg _v3034 |
|
| 856 | 4 | 0 | _uhttp://www.gutenberg.org/ebooks/3034 |
| 942 | _cEB | ||
| 999 |
_c232363 _d232363 |
||